Separated Cities (UK) Quiz Stats

Quiz Updated Nov 18, 2014

Challenge
Share
Tweet
Score 0/30 Timer 05:00
19 Plays Today
% Correct
Lon
97.3%
Edin
97.2%
Glas
97.1%
Brigh
96.5%
Aber
96.3%
Man
96.2%
Ply
95.6%
Not
95.6%
Ports
95.5%
Stoke-on-
94.9%
Car
93.8%
Bris
92.2%
Mans
91.5%
Nor
91.4%
Ip
90.8%
% Correct
Yo
90.4%
Dun
90.2%
Pres
89.4%
Black
88.2%
Sunder
88%
Wake
85.7%
Bol
84.7%
Peter
84.1%
Dud
84.1%
Wolver
80.7%
Old
79.9%
Chelms
79.3%
Slo
76.4%
Lu
76.4%
Wal
64.4%

You're not logged in!

Compare scores with friends on all Sporcle quizzes.
Join for Free
OR
Log In

You Might Also Like...

Show Comments

Extras

Top Quizzes Today


Score Distribution

Your Account Isn't Verified!

In order to create a playlist on Sporcle, you need to verify the email address you used during registration. Go to your Sporcle Settings to finish the process.

Report this User

Report this user for behavior that violates our Community Guidelines.

Details: